<?xml version="1.0" encoding="UTF-8"?>
<collection xmlns="http://www.loc.gov/MARC21/slim">
 <record>
  <leader>04749nam a2200325 a 4500</leader>
  <controlfield tag="001">kal4744</controlfield>
  <controlfield tag="003">Gr-AtHEAL</controlfield>
  <controlfield tag="005">20160425123308.0</controlfield>
  <controlfield tag="006">m        d        </controlfield>
  <controlfield tag="008">160413s2015    gr      s           gre|c</controlfield>
  <datafield tag="020" ind1=" " ind2=" ">
   <subfield code="a">9789606034114</subfield>
  </datafield>
  <datafield tag="040" ind1=" " ind2=" ">
   <subfield code="a">GR-AtHEAL</subfield>
   <subfield code="b">gre</subfield>
   <subfield code="c">GR-AtHEAL</subfield>
  </datafield>
  <datafield tag="082" ind1="0" ind2="4">
   <subfield code="a">305.23</subfield>
   <subfield code="2">23</subfield>
  </datafield>
  <datafield tag="100" ind1="1" ind2=" ">
   <subfield code="a">Πεχτελίδης, Ιωάννης.</subfield>
   <subfield code="8">1339</subfield>
  </datafield>
  <datafield tag="245" ind1="1" ind2="0">
   <subfield code="a">Κοινωνιολογία της παιδικής ηλικίας</subfield>
   <subfield code="h">[Ηλεκτρονικός πόρος] </subfield>
   <subfield code="b">Σύγχρονες προσεγγίσεις</subfield>
   <subfield code="c">Πεχτελίδης, Ιωάννης ; Κριτικός αναγνώστης,Κοσμά, Υβόν Αλεξία ; Τεχνική επιμέλεια,Ζήκος, Νικόλαος ; Γλωσσική επιμέλεια,Σαλτίδου, Θεοδώρα.</subfield>
  </datafield>
  <datafield tag="260" ind1=" " ind2=" ">
   <subfield code="a">Αθήνα :</subfield>
   <subfield code="b">Σύνδεσμος Ελληνικών Ακαδημαϊκών Βιβλιοθηκών,</subfield>
   <subfield code="c">c2015.</subfield>
  </datafield>
  <datafield tag="490" ind1=" " ind2=" ">
   <subfield code="a">Ακαδημαϊκά Ηλεκτρονικά Συγγράμματα και Βοηθήματα Κάλλιπος</subfield>
   <subfield code="8">40</subfield>
  </datafield>
  <datafield tag="520" ind1=" " ind2=" ">
   <subfield code="a">Το βιβλίο αυτό αποσκοπεί στην προσέγγιση της παιδικής ηλικίας σε συνάρτηση με ένα φάσμα κοινωνικών, οικονομικών, πολιτικών και ιδεολογικών παραγόντων, προκειμένου να διερευνηθούν τα δομικά γνωρίσματα που αναδεικνύουν την παιδική ηλικία σε κοινωνική κατηγορία και σε σταθερό στοιχείο της κοινωνικής δομής. Το βιβλίο είναι οργανωμένο γύρω από τρεις θεωρητικές και μεθοδολογικές προσεγγίσεις: Ιστορική Κοινωνιολογία της Παιδικής Ηλικίας, Θεωρίες Κοινωνικοποίησης, Νέα Κοινωνιολογία της Παιδικής Ηλικίας. Με γνώμονα τις θεωρητικές και μεθοδολογικές αρχές κάθε προσέγγισης συζητούνται οι συνέπειες που καθεμιά επιφέρει στη γενικότερη θεώρηση της παιδικής ηλικίας, καθώς και στην κοινωνική θέση των παιδιών. Βασικός στόχος του βιβλίου είναι η απομάκρυνση των φοιτητριών και φοιτητών από την παραδοσιακή ερμηνεία της παιδικής ηλικίας στη στείρα βάση του ηλικιακού φάσματος, ενώ προτείνεται η διερεύνηση της κοινωνικής ταυτότητας και η κοινωνική ερμηνεία των όρων «παιδί» και «παιδική ηλικία». Το βιβλίο εμπίπτει κυρίως στο πεδίο της κοινωνιολογίας της παιδικής ηλικίας, αλλά σχετίζεται και με τα γνωστικά αντικείμενα της κοινωνιολογίας της εκπαίδευσης, της κοινωνικής θεωρίας, των παιδαγωγικών και γενικότερα των σπουδών της παιδικής ηλικίας. Επίσης αφορά ερευνητές και φοιτητές από τον χώρο της κοινωνιολογίας του πολιτισμού. Στοχεύει σε πανεπιστημιακούς, εκπαιδευτικούς, αρμόδιους για το σχεδιασμό της εκπαιδευτικής πολιτικής και των αναλυτικών προγραμμάτων, επαγγελματίες της παιδικής ηλικίας, προπτυχιακούς και μεταπτυχιακούς φοιτητές και ερευνητές.</subfield>
  </datafield>
  <datafield tag="650" ind1=" " ind2="0">
   <subfield code="a">Children</subfield>
   <subfield code="x">Social conditions</subfield>
   <subfield code="8">2419</subfield>
  </datafield>
  <datafield tag="653" ind1=" " ind2=" ">
   <subfield code="a">Κοινωνικοποίηση</subfield>
  </datafield>
  <datafield tag="653" ind1=" " ind2=" ">
   <subfield code="a">Δομή και εμπρόθετη δράση</subfield>
  </datafield>
  <datafield tag="653" ind1=" " ind2=" ">
   <subfield code="a">Κοινωνική κατασκευή</subfield>
  </datafield>
  <datafield tag="653" ind1=" " ind2=" ">
   <subfield code="a">Κοινωνιολογία</subfield>
  </datafield>
  <datafield tag="653" ind1=" " ind2=" ">
   <subfield code="a">Παιδική ηλικία</subfield>
  </datafield>
  <datafield tag="700" ind1="1" ind2=" ">
   <subfield code="a">Κοσμά, Υβόν Αλεξία</subfield>
   <subfield code="e">Κριτικός αναγνώστης</subfield>
   <subfield code="8">1340</subfield>
  </datafield>
  <datafield tag="856" ind1="4" ind2="0">
   <subfield code="u">http://hdl.handle.net/11419/4744</subfield>
   <subfield code="z">Πλήρες Κείμενο - Full text</subfield>
  </datafield>
  <datafield tag="907" ind1=" " ind2=" ">
   <subfield code="a">.b25680894</subfield>
   <subfield code="b">12-06-18</subfield>
   <subfield code="c">29-07-16</subfield>
  </datafield>
  <datafield tag="949" ind1=" " ind2=" ">
   <subfield code="0">0</subfield>
   <subfield code="1">0</subfield>
   <subfield code="2">ddc</subfield>
   <subfield code="4">0</subfield>
   <subfield code="6">305_230000000000000_ΠΕΧ</subfield>
   <subfield code="7">0</subfield>
   <subfield code="8">KALL</subfield>
   <subfield code="8">848</subfield>
   <subfield code="d">2016-04-13</subfield>
   <subfield code="r">2016-04-13</subfield>
   <subfield code="w">2016-04-13</subfield>
   <subfield code="z">305.23 ΠΕΧ</subfield>
   <subfield code="o">SEAB KALLIPOS</subfield>
  </datafield>
  <datafield tag="998" ind1=" " ind2=" ">
   <subfield code="a">80</subfield>
   <subfield code="a">01</subfield>
   <subfield code="a">02</subfield>
   <subfield code="a">03</subfield>
   <subfield code="a">04</subfield>
   <subfield code="a">05</subfield>
   <subfield code="a">06</subfield>
   <subfield code="a">07</subfield>
   <subfield code="a">08</subfield>
   <subfield code="a">09</subfield>
   <subfield code="a">10</subfield>
   <subfield code="a">11</subfield>
   <subfield code="a">12</subfield>
   <subfield code="a">13</subfield>
   <subfield code="a">14</subfield>
   <subfield code="a">15</subfield>
   <subfield code="a">16</subfield>
   <subfield code="a">17</subfield>
   <subfield code="a">18</subfield>
   <subfield code="a">19</subfield>
   <subfield code="a">20</subfield>
   <subfield code="a">21</subfield>
   <subfield code="a">22</subfield>
   <subfield code="a">23</subfield>
   <subfield code="a">24</subfield>
   <subfield code="a">25</subfield>
   <subfield code="a">26</subfield>
   <subfield code="b">22-05-17</subfield>
   <subfield code="c">m</subfield>
   <subfield code="d">z  </subfield>
   <subfield code="e">-</subfield>
   <subfield code="f">gre</subfield>
   <subfield code="g">gr </subfield>
   <subfield code="h">0</subfield>
  </datafield>
  <datafield tag="942" ind1=" " ind2=" ">
   <subfield code="2">ddc</subfield>
   <subfield code="c">KALLIPOS</subfield>
  </datafield>
 </record>
</collection>
